Essentials of business communication-I (Record no. 528)

MARC details
000 -LEADER
fixed length control field 00824 a2200193 4500
008 - FIXED-LENGTH DATA ELEMENTS--GENERAL INFORMATION
fixed length control field 080820t xxu||||| |||| 00| 0 eng d
010 ## - LIBRARY OF CONGRESS CONTROL NUMBER
LC control number ENG-84833
020 ## - INTERNATIONAL STANDARD BOOK NUMBER
International Standard Book Number .
Terms of availability 110.00
035 ## - SYSTEM CONTROL NUMBER
System control number EN-68366
037 ## - SOURCE OF ACQUISITION
Source of stock number/acquisition D.B.Act / Pub
082 ## - DEWEY DECIMAL CLASSIFICATION NUMBER
Classification number 658.7
100 ## - MAIN ENTRY--PERSONAL NAME
Personal name Appannaiah, H. R.
245 ## - TITLE STATEMENT
Title Essentials of business communication-I
Statement of responsibility, etc by H. R. Appannaiah and P. N. Reddy
Remainder of title including skill development
260 ## - PUBLICATION, DISTRIBUTION, ETC. (IMPRINT)
Place of publication, distribution, etc Mumbai
Name of publisher, distributor, etc Himalaya Publishing House
Date of publication, distribution, etc 2006
270 ## - ADDRESS
Address Ramdoot, Dr Bhalerao Marg, Girgaon,
City Mumbai
State or province Maharashtra
Postal code 400034
Telephone number 23860170
Electronic mail address himpub@vsnl.net.in
300 ## - PHYSICAL DESCRIPTION
Extent 182 p. ;
Dimensions 24 cm. (Pbk)
942 ## - ADDED ENTRY ELEMENTS (KOHA)
Institution code [OBSOLETE] dpl
Koha item type English Books
Call number prefix 651.7 / APP
Source of classification or shelving scheme Dewey Decimal Classification
Classification part 651.7
Call number suffix APP
Holdings
Withdrawn status Lost status Damaged status Not for loan Home library Current library Date acquired Cost, normal purchase price Total Checkouts Full call number Barcode Date last seen Copy number Uniform Resource Identifier Cost, replacement price Price effective from Koha item type
        D.B.Act.Division D.B.Act.Division 20/08/2008 110.00   651.7 APP EN-68366 15/09/2008 1 553 110.00 15/09/2008 English Books

© Delhi Public Library
Hit Counter
free hit counter